Impacto de la ley 27.742 en el derecho administrativo disciplinario / (Registro nro. 6286)
[ vista simple ]
| 000 -LEADER | |
|---|---|
| fixed length control field | 01169nabaa22001937a 4500 |
| 003 - CONTROL NUMBER IDENTIFIER | |
| control field | OSt |
| 005 - DATE AND TIME OF LATEST TRANSACTION | |
| control field | 20260129001448.0 |
| 008 - FIXED-LENGTH DATA ELEMENTS--GENERAL INFORMATION | |
| fixed length control field | 190701b xxu||||| |||| 00| 0 spa d |
| 040 ## - CATALOGING SOURCE | |
| Transcribing agency | PJ |
| 100 ## - MAIN ENTRY--PERSONAL NAME | |
| 9 (RLIN) | 4410 |
| Personal name | Salgan Ruiz, Leandro G. |
| 245 10 - TITLE STATEMENT | |
| Title | Impacto de la ley 27.742 en el derecho administrativo disciplinario / |
| Statement of responsibility, etc | Leandro Salgan Ruiz. |
| 300 ## - PHYSICAL DESCRIPTION | |
| Extent | p. 37-57 |
| 500 ## - GENERAL NOTE | |
| General note | Cita: TR LALEY AR/DOC/447/2025 |
| 505 ## - FORMATTED CONTENTS NOTE | |
| Formatted contents note | Sumario: I. Planteo del tema.— II. Aplicación supletoria de la LNPA al sistema disciplinario.— III. Los principios generales en el procedimiento disciplinario.— IV. Los principios fundamentales en el procedimiento disciplinario.— V. Diseño del acto conclusivo del sumario administrativo.— VI. Impugnación administrativa de la sanción disciplinaria.— VII. Impugnación judicial de la sanción disciplinaria.— VIII. Reflexiones finales. |
| 505 ## - FORMATTED CONTENTS NOTE | |
| Title | ¿Te interesa el texto completo? Comunicate al correo: koha@justierradelfuego.gov.ar |
| 650 #0 - SUBJECT ADDED ENTRY--TOPICAL TERM | |
| 9 (RLIN) | 211 |
| Topical term or geographic name as entry element | DERECHO ADMINISTRATIVO |
| 773 0# - HOST ITEM ENTRY | |
| Host Biblionumber | 2842 |
| Host Itemnumber | 3251 |
| Place, publisher, and date of publication | Buenos Aires : AbeledoPerrot, 2012- |
| Other item identifier | DA121 |
| Title | Derecho administrativo. Nº 158 marzo/abril 2025 |
| International Standard Book Number | 18510590 |
| 942 ## - ADDED ENTRY ELEMENTS (KOHA) | |
| Source of classification or shelving scheme | |
| Koha item type | Analítica Artículo de Revista |
No hay ítems disponibles.
